[Event "Mittelrhein Verbandsliga-W 18/19"]
[Site "Nordrheinwestfalen"]
[Date "2018.12.16"]
[Round "5.8"]
[White "Nagel, Eduard"]
[Black "Bausch, Bernd"]
[Result "1-0"]
[WhiteElo "1788"]
[BlackElo "1730"]
[PlyCount "73"]
[EventDate "2018.09.02"]
[EventType "team-tourn"]
[EventRounds "11"]
[EventCountry "GER"]
[SourceTitle "EXT 2022"]
[Source "ChessBase"]
[SourceDate "2021.10.06"]
[SourceVersion "1"]
[SourceVersionDate "2021.10.06"]
[SourceQuality "1"]
[WhiteTeam "Horrem"]
[BlackTeam "Lendersdorf"]
[WhiteTeamCountry "GER"]
[BlackTeamCountry "GER"]

1. Nf3 Nf6 2. c4 e6 3. d4 d5 4. Nc3 Bb4 5. e3 0-0 6. Bd3 c5 7. 0-0 Nc6 8. cxd5 exd5 9. dxc5 Bxc5 10. a3 Re8 11. b4 Bd6 12. Nb5 Bb8 13. Bb2 Ne4 14. Nbd4 Ne5 15. Nxe5 Bxe5 16. f3 Qh4 17. f4 Bxd4 18. Bxd4 Bg4 19. Be2 Bxe2 20. Qxe2 Qd8 21. Qb2 f6 22. Rac1 Qd7 23. Rc2 Qb5 24. Qa2 Red8 25. Rb1 b6 26. a4 Qd3 27. Rbc1 h5 28. h4 Kh7 29. Qb2 Kg6 30. Rc7 Ng3 31. R7c2 Ne4 32. Kh2 Kf5 33. Kh3 Ke6 34. Qa2 Nd6 35. g3 Qf5+ 36. Kh2 Nc4 37. e4 1-0

[Event "Mittelrhein Verbandsliga-W 17/18"]
[Site "Nordrheinwestfalen"]
[Date "2017.09.10"]
[Round "1.8"]
[White "Freialdenhoven, Manfred"]
[Black "Nagel, Eduard"]
[Result "1/2-1/2"]
[WhiteElo "1758"]
[BlackElo "1806"]
[PlyCount "39"]
[EventDate "2017.09.10"]
[EventType "team-tourn"]
[EventRounds "11"]
[EventCountry "GER"]
[SourceTitle "EXT 2022"]
[Source "ChessBase"]
[SourceDate "2021.10.06"]
[SourceVersion "1"]
[SourceVersionDate "2021.10.06"]
[SourceQuality "1"]
[WhiteTeam "Pulheim"]
[BlackTeam "Horrem"]
[WhiteTeamCountry "GER"]
[BlackTeamCountry "GER"]

1. e4 c6 2. d4 d5 3. e5 c5 4. dxc5 Nc6 5. Nf3 Bf5 6. Bd3 Bxd3 7. Qxd3 e6 8. Be3 Qc7 9. 0-0 Rd8 10. a3 d4 11. Bf4 Bxc5 12. Nbd2 Nge7 13. Ne4 Ng6 14. Nxc5 Nxf4 15. Qe4 Ng6 16. Nb3 Ngxe5 17. Nbxd4 Nxd4 18. Nxd4 0-0 19. Rfe1 Ng6 20. Rad1 1/2-1/2

[Event "Mittelrhein Verbandsliga-W 16/17"]
[Site "Nordrheinwestfalen"]
[Date "2017.03.19"]
[Round "9.7"]
[White "Nagel, Eduard"]
[Black "Plumanns, Dieter"]
[Result "0-1"]
[WhiteElo "1849"]
[BlackElo "1965"]
[PlyCount "72"]
[EventDate "2016.09.11"]
[EventType "team-tourn"]
[EventRounds "11"]
[EventCountry "GER"]
[SourceTitle "EXT 2022"]
[Source "ChessBase"]
[SourceDate "2021.10.06"]
[SourceVersion "1"]
[SourceVersionDate "2021.10.06"]
[SourceQuality "1"]
[WhiteTeam "Horrem"]
[BlackTeam "Aachen PTSV"]
[WhiteTeamCountry "GER"]
[BlackTeamCountry "GER"]

1. Nf3 d5 2. d4 e6 3. c4 f5 4. b3 Nf6 5. g3 b6 6. Bg2 Bd6 7. 0-0 Qe7 8. Bb2 0-0 9. Nbd2 Bb7 10. Ne5 Bxe5 11. dxe5 Ne4 12. Rc1 c5 13. e3 Na6 14. f3 Nxd2 15. Qxd2 Rad8 16. Qe2 dxc4 17. bxc4 Rd7 18. Rfd1 Rfd8 19. a3 Nb8 20. f4 Ba6 21. Rxd7 Qxd7 22. Rc2 Nc6 23. Bxc6 Qxc6 24. Bc1 Bb7 25. Bd2 Qh1+ 26. Kf2 Qxh2+ 27. Ke1 Qxg3+ 28. Qf2 Qh3 29. Ke2 Be4 30. Rc3 Qh5+ 31. Ke1 Bd3 32. Qg2 Qh4+ 33. Kd1 Be4 34. Qf1 Qh2 35. Qe1 h5 36. Qe2 Bf3 0-1

[Event "Mittelrhein Verbandsliga-W 15/16"]
[Site "Nordrheinwestfalen"]
[Date "2015.11.15"]
[Round "4.7"]
[White "Nagel, Eduard"]
[Black "Spradley, Julian"]
[Result "1-0"]
[WhiteElo "1863"]
[BlackElo "1839"]
[PlyCount "53"]
[EventDate "2015.09.06"]
[EventType "team-tourn"]
[EventRounds "11"]
[EventCountry "GER"]
[SourceTitle "EXT 2022"]
[Source "ChessBase"]
[SourceDate "2021.10.06"]
[SourceVersion "1"]
[SourceVersionDate "2021.10.06"]
[SourceQuality "1"]
[WhiteTeam "Kerpen SK"]
[BlackTeam "Erftstadt SV"]
[WhiteTeamCountry "GER"]
[BlackTeamCountry "GER"]

1. d4 e6 2. c4 d5 3. Nc3 Nf6 4. Bg5 c6 5. e3 Nbd7 6. Nf3 Be7 7. Bd3 0-0 8. c5 b6 9. b4 a5 10. a3 Ba6 11. 0-0 Re8 12. Qe2 Qc8 13. Rfc1 Bxd3 14. Qxd3 Qa6 15. Qxa6 Rxa6 16. b5 cxb5 17. Nxb5 Rc8 18. c6 Nf8 19. Ne5 Ng6 20. Rc2 a4 21. Nd7 Ne8 22. Bxe7 Nxe7 23. c7 Rca8 24. Rac1 Nc8 25. Rc6 h6 26. Rb1 Nf6 27. Nb8 1-0

[Event "SVM-ch"]
[Site "Kerpen"]
[Date "1998.05.23"]
[Round "6"]
[White "Nagel, Eduard"]
[Black "Anhalt, Albert"]
[Result "1-0"]
[WhiteElo "1782"]
[BlackElo "1899"]
[PlyCount "55"]
[EventDate "1998.05.??"]
[EventType "swiss"]
[EventRounds "7"]
[EventCountry "GER"]
[SourceTitle "EXT 2004"]
[Source "ChessBase"]
[SourceDate "2003.11.25"]
[SourceVersion "1"]
[SourceVersionDate "2003.11.25"]
[SourceQuality "1"]

1. e4 e5 2. f4 d5 3. exd5 e4 4. d3 exd3 5. Qxd3 Nf6 6. c4 Be7 7. Nf3 0-0 8. Be2 Re8 9. a3 a5 10. Be3 Ng4 11. Bd4 c5 12. Bf2 Nxf2 13. Kxf2 Bf6 14. Nc3 g6 15. Rhe1 Bf5 16. Qd2 Qb6 17. Nb5 Nd7 18. Bf1 Bg7 19. d6 Rxe1 20. Rxe1 Rd8 21. Nh4 Nf6 22. Nxf5 gxf5 23. Bd3 Ng4+ 24. Kg3 Bf8 25. Bxf5 Nh6 26. Bc2 Bxd6 27. Nxd6 Qxd6 28. Re8+ 1-0